<?xml version="1.0" encoding="UTF-8"?><?xml-stylesheet type="text/xsl" href="static/style.xsl"?><OAI-PMH xmlns="http://www.openarchives.org/OAI/2.0/" xmlns:xsi="http://www.w3.org/2001/XMLSchema-instance" xsi:schemaLocation="http://www.openarchives.org/OAI/2.0/ http://www.openarchives.org/OAI/2.0/OAI-PMH.xsd"><responseDate>2026-04-18T00:24:03Z</responseDate><request verb="GetRecord" identifier="oai:www.recercat.cat:11351/13398" metadataPrefix="marc">https://recercat.cat/oai/request</request><GetRecord><record><header><identifier>oai:recercat.cat:11351/13398</identifier><datestamp>2025-07-13T07:41:54Z</datestamp><setSpec>com_2072_378070</setSpec><setSpec>com_2072_378040</setSpec><setSpec>col_2072_378092</setSpec></header><metadata><record xmlns="http://www.loc.gov/MARC21/slim" xmlns:dcterms="http://purl.org/dc/terms/" xmlns:xsi="http://www.w3.org/2001/XMLSchema-instance" xmlns:doc="http://www.lyncode.com/xoai" xsi:schemaLocation="http://www.loc.gov/MARC21/slim http://www.loc.gov/standards/marcxml/schema/MARC21slim.xsd">
   <leader>00925njm 22002777a 4500</leader>
   <datafield ind2=" " ind1=" " tag="042">
      <subfield code="a">dc</subfield>
   </datafield>
   <datafield ind2=" " ind1=" " tag="720">
      <subfield code="a">Garcia-Manero, Guillermo</subfield>
      <subfield code="e">author</subfield>
   </datafield>
   <datafield ind2=" " ind1=" " tag="720">
      <subfield code="a">SANTINI, VALERIA</subfield>
      <subfield code="e">author</subfield>
   </datafield>
   <datafield ind2=" " ind1=" " tag="720">
      <subfield code="a">Zeidan, Amer</subfield>
      <subfield code="e">author</subfield>
   </datafield>
   <datafield ind2=" " ind1=" " tag="720">
      <subfield code="a">Komrokji, Rami S.</subfield>
      <subfield code="e">author</subfield>
   </datafield>
   <datafield ind2=" " ind1=" " tag="720">
      <subfield code="a">Pozharskaya, Veronika</subfield>
      <subfield code="e">author</subfield>
   </datafield>
   <datafield ind2=" " ind1=" " tag="720">
      <subfield code="a">Rose, Shelonitda</subfield>
      <subfield code="e">author</subfield>
   </datafield>
   <datafield ind2=" " ind1=" " tag="720">
      <subfield code="a">VALCARCEL, DAVID</subfield>
      <subfield code="e">author</subfield>
   </datafield>
   <datafield ind2=" " ind1=" " tag="260">
      <subfield code="c">2025-07-11T07:18:51Z</subfield>
   </datafield>
   <datafield ind2=" " ind1=" " tag="260">
      <subfield code="c">2025-07-11T07:18:51Z</subfield>
   </datafield>
   <datafield ind2=" " ind1=" " tag="260">
      <subfield code="c">2025-07</subfield>
   </datafield>
   <datafield ind2=" " ind1=" " tag="520">
      <subfield code="a">Epoetin alfa; Erythroid-stimulating agents; Myelodysplastic syndromes</subfield>
   </datafield>
   <datafield ind2=" " ind1=" " tag="520">
      <subfield code="a">Epoetina alfa; Agentes estimulantes de eritroides; Síndromes mielodisplásicos</subfield>
   </datafield>
   <datafield ind2=" " ind1=" " tag="520">
      <subfield code="a">Epoetina alfa; Agents estimulants d'eritroides; Síndromes mielodisplàsiques</subfield>
   </datafield>
   <datafield ind2=" " ind1=" " tag="520">
      <subfield code="a">Introduction&#xd;
The efficacy of erythropoiesis-stimulating agents (ESAs) for transfusion-dependent (TD) anemia in lower-risk myelodysplastic syndromes (LR-MDS) is limited. Luspatercept achieved significantly greater rates of red blood cell (RBC) transfusion independence (TI) versus epoetin alfa (an ESA) in the phase 3 COMMANDS trial. This analysis assessed long-term RBC-TI, cumulative response, and safety with luspatercept in COMMANDS.&#xd;
Methods&#xd;
Eligible patients aged ≥ 18 years, with ESA-naive, RBC TD LR-MDS were randomized 1:1 to receive luspatercept (1.0 mg/kg, titration to 1.75 mg/kg permitted) or epoetin alfa (450 IU/kg, titration to 1050 IU/kg). Disease assessment was carried out at week 24 (day 169) and every 24 weeks thereafter. Treatment continued until disease progression, lack of clinical benefit, unacceptable toxicity, or consent withdrawal.&#xd;
Results&#xd;
At data cutoff (September 22, 2023; median follow-up: luspatercept 21.4 months, epoetin alfa 20.3 months), a greater proportion of patients treated with luspatercept (n = 182) versus epoetin alfa (n = 181) achieved a longest single RBC-TI period ≥ 1 year (44.5% vs. 27.6%; P = 0.0003) and ≥ 1.5 years (30.2% vs. 13.8%; P &lt; 0.0001). Higher rates of RBC-TI ≥ 1.5 years with luspatercept over epoetin alfa were consistent across all prespecified subgroups, including patients with ring sideroblast-negative status and low baseline serum erythropoietin. Longer cumulative RBC-TI response [sum of all durations of RBC-TI for ≥ 12 weeks; week 1 to end of treatment (95% CI)] was observed with luspatercept [154.7 weeks (118.4–NR)] versus epoetin alfa [91.1 weeks (73.1–123.9)]. Rates of treatment-emergent adverse events, including asthenia and hypertension, generally decreased over time in both arms. Progression rates to high-risk MDS and acute myeloid leukemia were similarly low (&lt; 5%) in both treatment arms.&#xd;
Conclusions&#xd;
These data demonstrated sustained, durable clinical benefit across subgroups and support luspatercept as the treatment of choice for anemia in patients with LR-MDS who are TD and ESA-naive.&#xd;
Trial Registration Number&#xd;
NCT03682536.</subfield>
   </datafield>
   <datafield ind2=" " ind1=" " tag="520">
      <subfield code="a">The study was supported by Celgene, a Bristol-Myers Squibb Company, in collaboration with Acceleron Pharma Inc., a wholly-owned subsidiary of Merck &amp; Co., Inc., Rahway, NJ, USA. Study drugs were provided by Bristol Myers Squibb (Princeton, NJ, USA). Rapid Service Fees for publication were funded by Bristol Myers Squibb (Princeton, NJ, USA).</subfield>
   </datafield>
   <datafield ind1="8" ind2=" " tag="024">
      <subfield code="a">http://hdl.handle.net/11351/13398</subfield>
   </datafield>
   <datafield tag="653" ind2=" " ind1=" ">
      <subfield code="a">Síndromes mielodisplàsiques - Tractament</subfield>
   </datafield>
   <datafield tag="653" ind2=" " ind1=" ">
      <subfield code="a">Anèmia - Tractament</subfield>
   </datafield>
   <datafield tag="653" ind2=" " ind1=" ">
      <subfield code="a">Sang - Transfusió</subfield>
   </datafield>
   <datafield tag="653" ind2=" " ind1=" ">
      <subfield code="a">Eritropoetina</subfield>
   </datafield>
   <datafield tag="653" ind2=" " ind1=" ">
      <subfield code="a">DISEASES::Hemic and Lymphatic Diseases::Hematologic Diseases::Bone Marrow Diseases::Myelodysplastic Syndromes</subfield>
   </datafield>
   <datafield tag="653" ind2=" " ind1=" ">
      <subfield code="a">Other subheadings::Other subheadings::/therapy</subfield>
   </datafield>
   <datafield tag="653" ind2=" " ind1=" ">
      <subfield code="a">DISEASES::Hemic and Lymphatic Diseases::Hematologic Diseases::Anemia</subfield>
   </datafield>
   <datafield tag="653" ind2=" " ind1=" ">
      <subfield code="a">CHEMICALS AND DRUGS::Amino Acids, Peptides, and Proteins::Peptides::Intercellular Signaling Peptides and Proteins::Cytokines::Hematopoietic Cell Growth Factors::Colony-Stimulating Factors::Erythropoietin::Epoetin Alfa</subfield>
   </datafield>
   <datafield tag="653" ind2=" " ind1=" ">
      <subfield code="a">ANALYTICAL, DIAGNOSTIC AND THERAPEUTIC TECHNIQUES, AND EQUIPMENT::Therapeutics::Biological Therapy::Blood Transfusion</subfield>
   </datafield>
   <datafield tag="653" ind2=" " ind1=" ">
      <subfield code="a">ANALYTICAL, DIAGNOSTIC AND THERAPEUTIC TECHNIQUES, AND EQUIPMENT::Therapeutics::Biological Therapy::Blood Transfusion::Blood Component Transfusion::Erythrocyte Transfusion</subfield>
   </datafield>
   <datafield tag="653" ind2=" " ind1=" ">
      <subfield code="a">ENFERMEDADES::enfermedades hematológicas y linfáticas::enfermedades hematológicas::enfermedades de la médula ósea::síndromes mielodisplásicos</subfield>
   </datafield>
   <datafield tag="653" ind2=" " ind1=" ">
      <subfield code="a">Otros calificadores::Otros calificadores::/terapia</subfield>
   </datafield>
   <datafield tag="653" ind2=" " ind1=" ">
      <subfield code="a">ENFERMEDADES::enfermedades hematológicas y linfáticas::enfermedades hematológicas::anemia</subfield>
   </datafield>
   <datafield tag="653" ind2=" " ind1=" ">
      <subfield code="a">COMPUESTOS QUÍMICOS Y DROGAS::aminoácidos, péptidos y proteínas::péptidos::péptidos y proteínas de señalización intercelular::citocinas::factores de crecimiento de células hematopoyéticas::factores estimulantes de colonias::eritropoyetina::epoetina alfa</subfield>
   </datafield>
   <datafield tag="653" ind2=" " ind1=" ">
      <subfield code="a">TÉCNICAS Y EQUIPOS ANALÍTICOS, DIAGNÓSTICOS Y TERAPÉUTICOS::terapéutica::terapia biológica::transfusión sanguínea</subfield>
   </datafield>
   <datafield tag="653" ind2=" " ind1=" ">
      <subfield code="a">TÉCNICAS Y EQUIPOS ANALÍTICOS, DIAGNÓSTICOS Y TERAPÉUTICOS::terapéutica::terapia biológica::transfusión sanguínea::transfusión de componentes sanguíneos::transfusión de eritrocitos</subfield>
   </datafield>
   <datafield ind2="0" ind1="0" tag="245">
      <subfield code="a">Long-Term Transfusion Independence with Luspatercept Versus Epoetin Alfa in Erythropoiesis-Stimulating Agent-Naive, Lower-Risk Myelodysplastic Syndromes in the COMMANDS Trial</subfield>
   </datafield>
</record></metadata></record></GetRecord></OAI-PMH>